Statistics for All-Time Colorado Avalanche

Click here to take the quiz!

General Stats

  • This quiz has been taken 131 times
    (125 since last reset)
  • The average score is 7 of 13

Answer Stats

PositionAnswer% Correct
1st Line CSakic
99%
Starting GoalieRoy
95%
1st Line RWForsberg
90%
2nd Line RWHejduk
73%
1st Line DFoote
68%
1st Line DBlake
67%
2nd Line DBourque
67%
1st Line LWTanguay
45%
2nd Line CDuchene
33%
2nd Line DOzoliņš
23%
2nd Line LWKariya
16%
Backup GoalieBudaj
15%
CoachGranato
5%

Score Distribution

Percentile by Number Answered

Percent of People with Each Score

Your Score History

You have not taken this quiz since the last reset